Inflanty w epoce nowożytnej w świetle polskich badań
| Titel: | Inflanty w epoce nowożytnej w świetle polskich badań |
|---|---|
| Verfasser: | |
| In: |
Zapiski historyczne, Band 73, Heft 4 (2008), Seite 89-97 alle Artikel anzeigen |
| Veröffentlicht: | 2008 |
| Format: | Aufsatz |
| Sprache: | Polnisch |
X
alg: 39275462
001A $01999:11-11-16
001B $01999:12-03-21 $t19:07:07.000
001D $01999:11-11-16
001U $0utf8
001X $00
002@ $0Aox
003@ $0392754622
007A $0392754622 $aHEB
007T $0Herdc0054988m
010@ $apol
011@ $a2008
021A $aInflanty w epoce nowożytnej w świetle polskich badań
028A $71018223622 $8Heyde, Jürgen$Z1965- [Tp3] $9286088436
031A $d73 $e4 $h89-97 $j2008
037A $aKonferenz "Die Baltische Region zwischen Deutschland und Russland. Abhängigkeit und Unabhängigkeit in Vergangenheit und Gegenwart" in Lüneburg, 8-10.6.2007
039B $aIn $8--Abvc--. Zapiski historyczne. - Toruń {[u.a.] : TNT, 1956-. - ISSN 0044-1791 $x200800000730004911 $904810552X
045F $a907.209479 $eDDC23BSB
045F/01 $a907.2
045F/03 $g479
045F/03 $g4798
045F/03 $g4793
lok: 39275462 78
exp: 39275462 78 1 #EPN
201B/01 $003-03-26 $t13:40:02.000
201U/01 $0utf8
203@/01 $0788853996
208@/01 $a11-11-16 $be
209A/01 $a/ $f000 $x00
220C/01 $aTitelaufnehmer: gk;tn
220C/01 $aHerkunft: HI Marburg;PBB/IH PAN
244Z/01 $2Trx $#Baltijos šalys $#kraje bałtyckie $#Baltikum $8--Trx--Baltische Länder $x01 $9391352903
244Z/01 $2Trx $#Poola $#Lenkija $#Polija $#Polen Land $#Poland $#Lengyelország $#Poľsko $#Polsko $8--Trx--Polska$gkraj $x02 $9391345966
244Z/01 $2Trx $#Litauen $#Lithuania $#Litwa $#Litva $#Litva $8--Trx--Lietuva $x03 $9391193457
244Z/01 $2Trx $#Estija $#Igaunija $#Estland $#Estonia $#Estonia $#Estónsko $#Estonsko $8--Trx--Eesti $x04 $9391237225
244Z/01 $2Trx $#Latvija $#Lettland $#Łotwa $#Lotyšsko $8--Trx--Latvija $x05 $9391275879
244Z/01 $#Liivimaa $#Vidzeme $#Livonija $#Vidzeme $#Livonia $#Inflanty $74036075-1 $8--Tg1--Livland $x06 $9085097721
244Z/01 $2Trx $#Latgale $#Lattgale $#Latgalija $74223781-6 $8--Tg1--Lettgallen $x07 $9086159291
244Z/01 $#Republik beider Völker $#Königliche Republik der Polnischen Krone und des Großfürstentums Litauen $#Rzeczpospolita Korony Polskiej i Wielkiego Księstwa Litewskiego $#Polish–Lithuanian Commonwealth $#Respublica sive Status Regni Poloniae, Lituaniae, Prussiae, Livoniae etc. $#Regnum Poloniae Magnusque Ducatus Lithuaniae $#Rzeczpospolita Obojga Narodów $#Abiejų Tautų Respublika $71060577984 $8--Tg1--Polen-Litauen $x08 $9349697558
244Z/01 $aGeschichte 1558-2004 $x09
244Z/01 $2Trx $#suhted, Balti-Poola $#santykiai, baltų ir lenkų $#relations, Baltic-Polish $#kapcsolatok, balti-lengyel $#stosunki bałtycko-polskie $#vzťahy pobaltsko-poľské $#vztahy pobaltsko-polské $8--Trx--Beziehungen, baltisch-polnische $x10 $9391369296
244Z/01 $2Trx $#historiograafia üldine $#istoriografija bendras $#Historiography $#történetírás általános $#historiografia ogólnie $#historiografia všeobecne $#historiografie všeobecně $#Geschichtsschreibung $#dejepis $8--Trx--Historiographie$gallgemein $x11 $9391362593
244Z/01 $2Trx $#historiograafia, Poola $#Lenkijos istoriografija $#Historiography, Polish $#történetírás, lengyel $#historiografia polska $#historiografia poľská $#historiografie polská $8--Trx--Historiographie, polnische $x12 $9391358499
244Z/01 $2Trx $8--Trx--Zeitschriftenaufsatz $x13 $9391384341
245Z/01 $a01.04 $x01
247C/01 $82080>Marburg/Lahn, Herder-Institut, Forschungsbibliothek, Bibliographieportal $9336309341
| LEADER | 00000caa a22000002c 4500 | ||
|---|---|---|---|
| 001 | 392754622 | ||
| 003 | DE-603 | ||
| 005 | 20210312190707.0 | ||
| 007 | tu | ||
| 008 | 161111s2008 xx |||| | u00||u|pol c | ||
| 035 | |a (DE-599)HEB392754622 | ||
| 040 | |a DE-603 |b ger |c DE-603 |d DE-603 | ||
| 041 | |a pol | ||
| 082 | 0 | 4 | |8 1\u |a 907.209479 |q DE-101 |2 23/BSB |
| 085 | |8 1\u |b 907.2 | ||
| 085 | |8 1\u |z 2 |s 479 | ||
| 085 | |8 1\u |z 2 |s 4798 | ||
| 085 | |8 1\u |z 2 |s 4793 | ||
| 100 | 1 | |a Heyde, Jürgen |d 1965- |0 (DE-603)286088436 |0 (DE-588)1018223622 |2 gnd | |
| 245 | 0 | 0 | |a Inflanty w epoce nowożytnej w świetle polskich badań |
| 264 | 0 | |c 2008 | |
| 500 | |a Konferenz "Die Baltische Region zwischen Deutschland und Russland. Abhängigkeit und Unabhängigkeit in Vergangenheit und Gegenwart" in Lüneburg, 8-10.6.2007 | ||
| 773 | 0 | 8 | |i In |t Zapiski historyczne |d Toruń [u.a.] : TNT, 1956- |x 0044-1791 |g Band 73, Heft 4 (2008), Seite 89-97 |w (DE-603)04810552X |w (DE-600)860296-7 |
| 924 | 0 | |9 2080 |a (DE-603)788853996 |b DE-2080 |c HES |d d |g / | |


